00775cam a22002174a 450000500170000000800410001701000170005802000270007503500170010203700090011908200160012810000270014424500950017126000420026630000400030850400610034865000380040965000430044765000380049065000290052820240404161229.0080605s2008 cauab b 001 0 eng  aB-758556-575 a9788178298665 c750.00 aB-758556-575 bGift a614.5490954 aChaturvedi, Gitanjali. aThe vital drop :bcommunication for polio eradication in India /cby Gitanjali Chaturvedi. aNew Delhi bSAGE Publications,c2008. axviii, 319p.:bphotos c22 cm (Hb)  aIncludes glossary, bibliographical references and index. aPoliomyelitiszIndiaxPrevention. aMass media in health educationzIndia. aCommunication in medicinezIndia. aHealth educationzIndia.